000 00305nam a22001337a 4500
008 171103b xxu||||| |||| 00| 0 eng d
020 _a9780071288385
041 _aeng
080 _240 ED
_a339.138
100 _a60
101 _aMAR
245 _aINTERNATIONAL MARKETING
_cCATEPRA.G
942 _2udc
_cBK
999 _c37583
_d37583